00410nam a2200133Ia 4500008004100000041000800041082001400049100003000063245009900093250000800192260004700200300000700247650002200254230711s9999||||xx |||||||||||||| ||und|| aENG a624bBU-I aBureau of Indian Standard 0aSI : 2974 Pt II 1980bCode of practice for design and construction of machine foundation Pt II a1st c1980aNew DelhibBureau of Indian Standard a15 aCivil Engineering